| 000 -CABECERA |
| Longitud fija campo de control |
01474nam a2200409 c 4500 |
| 001 - NÚMERO DE CONTROL |
| Número de control |
a6715999 |
| 003 - IDENTIFICADOR DEL NÚMERO DE CONTROL |
| Identificador del número de control |
SpMaBN |
| 005 - FECHA Y HORA DE LA ÚLTIMA TRANSACCIÓN |
| Fecha y hora de la última transacción |
20210309133119.0 |
| 008 - CÓDIGOS DE INFORMACIÓN DE LONGITUD FIJA |
| Códigos de información de longitud fija |
201009s2019 sp a | |||| 001 0dcat |
| 015 ## - NÚMERO DE BIBLIOGRAFÍA NACIONAL |
| Número de bibliografía nacional |
MON2010 |
| 017 ## - NÚMERO DE COPYRIGHT O DE DEPÓSITO LEGAL |
| Número de copyright o de depósito legal |
B 24453-2019 |
| Agencia que asigna el número |
Oficina DL Barcelona |
| 020 ## - NÚMERO INTERNACIONAL NORMALIZADO PARA LIBROS |
| Número Internacional Normalizado para Libros (ISBN) |
9788417998103 |
| Qualifying information |
Viena Edicions |
| 020 ## - NÚMERO INTERNACIONAL NORMALIZADO PARA LIBROS |
| Número Internacional Normalizado para Libros (ISBN) |
9788491562559 |
| Qualifying information |
Ajuntament de Barcelona |
| 040 ## - FUENTE DE LA CATALOGACIÓN |
| Centro catalogador de origen |
SpMaBN |
| Lengua de catalogación |
spa |
| Centro transcriptor |
SpMaBN |
| Normas de descripción |
rda |
| 080 ## - NÚMERO DE LA CLASIFICACIÓN DECIMAL UNIVERSAL |
| Número de la Clasificación Decimal Universal |
640.435(460.235.2)(091) |
| 080 ## - NÚMERO DE LA CLASIFICACIÓN DECIMAL UNIVERSAL |
| Número de la Clasificación Decimal Universal |
008(460.235.2)"18/19" |
| 080 ## - NÚMERO DE LA CLASIFICACIÓN DECIMAL UNIVERSAL |
| Número de la Clasificación Decimal Universal |
39(460.235.2)"18/19" |
| 100 1# - PUNTO DE ACCESO PRINCIPAL-NOMBRE DE PERSONA |
| Nombre de persona |
Notó i Brullas, Jordi |
| Término indicativo de función |
autor |
| Código de función |
aut |
| 245 14 - MENCIÓN DE TÍTULO |
| Título |
Els 4 Gats : |
| Resto del título |
les set vides d'un local emblemàtic de Barcelona |
| Mención de responsabilidad, etc. |
Jordi Notó i Brullas ; pròleg de Joan Francesc Ainaud |
| 246 3# - VARIANTES DE TÍTULO |
| Título propio / Título en breve |
Els Quatre Gats |
| 250 ## - MENCIÓN DE EDICIÓN |
| Mención de edición |
Primera edició: novembre del 2019 |
| 264 #1 - PRODUCCIÓN, PUBLICACIÓN , DISTRIBUCIÓN, FABRICACIÓN Y COPYRIGHT |
| Lugar de producción, publicación, distribución, fabricación |
Barcelona |
| Nombre del productor, editor, distribuidor, fabricante |
Viena Edicions |
| -- |
Ajuntament de Barcelona, |
| Fecha de de producción, publicación, distribución, fabricación o copyright |
[2019] |
| 300 ## - DESCRIPCIÓN FÍSICA |
| Extensión |
239 pàgines |
| Otras características físicas |
il·lustracions |
| Dimensiones |
24 cm |
| 336 ## - TIPO DE CONTENIDO |
| Término de tipo de contenido |
Text |
| Fuente |
rdacontent |
| 337 ## - TIPO DE MEDIO |
| Nombre del tipo de medio |
sense mediació |
| Fuente |
rdamedia |
| 338 ## - TIPO DE SOPORTE |
| Nombre del tipo de soporte |
Volum |
| Fuente |
rdacarrier |
| 490 0# - MENCIÓN DE SERIE |
| Mención de serie |
Calidoscopi |
| Designación de volumen o secuencia |
8 |
| 504 ## - NOTA DE BIBLIOGRAFÍA, ETC |
| Nota de bibliografía, etc. |
Bibliografia: pàgines 224-227. Índex |
| 610 #0 - PUNTO DE ACCESO ADICIONAL DE MATERIA - NOMBRE DE ENTIDAD CORPORATIVA |
| Nombre de entidad corporativa o nombre de jurisdicción como elemento inicial |
Els Quatre Gats (Restaurant, Barcelona) |
| 9 (RLIN) |
4645 |
| 651 #7 - PUNTO DE ACCESO ADICIONAL DE MATERIA - NOMBRE GEOGRÁFICO |
| Nombre geográfico |
Barcelona |
| Subdivisión de materia general |
Vida intel·lectual |
| Subdivisión de forma |
Història |
| Fuente del encabezamiento o término |
embne |
| 651 #7 - PUNTO DE ACCESO ADICIONAL DE MATERIA - NOMBRE GEOGRÁFICO |
| Nombre geográfico |
Barcelona |
| Subdivisión de materia general |
Usos i costums |
| Subdivisión cronológica |
S.XIX |
| Fuente del encabezamiento o término |
embne |
| 651 #7 - PUNTO DE ACCESO ADICIONAL DE MATERIA - NOMBRE GEOGRÁFICO |
| Nombre geográfico |
Barcelona |
| Subdivisión de materia general |
Usos i costums |
| Subdivisión cronológica |
S.XX |
| Fuente del encabezamiento o término |
embne |
| 700 1# - PUNTO DE ACCESO ADICIONAL - NOMBRE DE PERSONA |
| Nombre de persona |
Ainaud i Escudero, Joan-Francesc |
| Término indicativo de función |
prologuista |
| Código de función |
aui |
| 901 ## - ELEMENTO A DATOS LOCALES, ADL (RLIN) |
| a |
BC-BNE |
| 942 ## - ENTRADA DE ELEMENTOS AGREGADOS (KOHA) |
| Fuente de clasificaión o esquema |
|
| Koha [por defecto] tipo de item |
Monografies |
| 956 ## - LOCALIZACIÓN Y ACCESO ELECTRÓNICO LOCAL (OCLC) |
| Nombre de la fuente |
2 |